History Quiz

Random History or Olympics Quiz

Every Olympic Bid Since 1896 Quiz Stats

Quiz Updated Jun 16, 2012

Challenge
Share
Tweet
Embed
Score 0/88 Timer 11:00
24 Plays Today
Country Bidding City % Correct
AustraliaSydney
93.4%
United StatesLos Angeles
90.7%
FranceParis
90.6%
United KingdomLondon
90.5%
Russia/Soviet UnionMoscow
86.9%
Germany/German EmpireBerlin
86.8%
United StatesNew York City
86.4%
CanadaVancouver
85.9%
SpainMadrid
85%
ItalyRome
84.4%
ChinaBeijing
84.4%
CanadaToronto
83.5%
JapanTokyo
83.1%
NorwayOslo
82.4%
SpainBarcelona
82.4%
CanadaMontreal
81.1%
AustriaVienna
80.5%
United StatesAtlanta
80.3%
GreeceAthens
80.1%
FinlandHelsinki
79.3%
ArgentinaBuenos Aires
79.2%
United StatesChicago
79.1%
South KoreaSeoul
79.1%
AustraliaMelbourne
78.9%
NetherlandsAmsterdam
78.8%
BelgiumBrussels
78.2%
MexicoMexico City
76.9%
SwedenStockholm
76.4%
BrazilRio de Janeiro
75.9%
Germany/West GermanyMunich
74.1%
Country Bidding City % Correct
United StatesSalt Lake City
71.3%
CzechoslovakiaPrague
69.2%
TurkeyIstanbul
68.9%
Canada Calgary
66.7%
ItalyTurin
65.1%
United KingdomManchester
64.2%
South AfricaCape Town
61.4%
United StatesLake Placid
59%
Hungary/Austria-HungaryBudapest
58.4%
BulgariaSofia
58.3%
United StatesSt. Louis
57.8%
EgyptAlexandria
55.9%
YugoslaviaSarajevo
49.1%
BelgiumAntwerp
49%
United StatesDenver
48.6%
NorwayLillehammer
48.5%
JapanNagano
48.5%
RussiaSochi
47%
United StatesPhiladelphia
46%
France Lyon
45.6%
CanadaQuebec City
45%
United KingdomBirmingham
44.1%
United StatesDetroit
44%
AustriaInnsbruck
42.8%
AustraliaBrisbane
40.9%
JapanOsaka
40.1%
PakistanKarachi
36.5%
FR YugoslaviaBelgrade
35.1%
AustriaSalzburg
32.2%
FranceAlbertville
30.8%
Country Bidding City % Correct
JapanSapporo
30.6%
SwitzerlandSt. Moritz
29%
KazakhstanAlmaty
26.2%
United StatesCleveland
25.5%
United StatesSquaw Valley
25.4%
FranceGrenoble
25%
United StatesMinneapolis
24.4%
FranceChamonix
22.4%
Sweden Gothenburg
21.4%
West Germany/German EmpireGarmisch-Partenkirchen
14.4%
ItalyCortina d'Ampezzo
14.2%
South KoreaPyeongChang
14.1%
SwitzerlandLausanne
11.3%
AzerbaijanBaku
10.5%
QatarDoha
10.4%
United StatesAnchorage
10%
JapanNagoya
9.5%
FinlandTampere
8.7%
CanadaBanff
8.1%
FranceAnnecy
5.7%
United StatesColorado Springs
5.4%
FinlandLahti
5.1%
SwitzerlandSion
3.6%
SwedenOstersund
3.1%
SpainJaca
2.9%
SwedenFalun
2.9%
ItalyAosta
2.7%
West GermanyBerchtesgaden
1.6%

You're not logged in!

Compare scores with friends on all Sporcle quizzes.
Sign Up with Email
OR
Log In

You Might Also Like...

Show Comments

Extras

Top Quizzes Today


Score Distribution

Your Account Isn't Verified!

In order to create a playlist on Sporcle, you need to verify the email address you used during registration. Go to your Sporcle Settings to finish the process.